000 00375nam a2200133Ia 4500
008 100122s9999 xx 000 0 und d
082 _b37357
_a211.3
100 _aदांडेकर शं वा
245 _aईश्वरवाद
260 _bय.गो.जोशी
630 _aईश्वरवाद
730 _aईश्वरवाद
942 _cBOOK
999 _c419816
_d419813